[Event "Corum op"]
[Site "Corum"]
[Date "2016.05.23"]
[Round "1"]
[White "Rzayev, Bahruz Iqbal Oglu"]
[Black "Aliustaoglu, Samet"]
[Result "1-0"]
[WhiteElo "2424"]
[BlackElo "1761"]
[PlyCount "53"]
[EventDate "2016.05.23"]
[EventType "swiss"]
[EventRounds "9"]
[EventCountry "TUR"]
[SourceTitle "CBM 172 Extra"]
[Source "ChessBase"]
[SourceDate "2016.06.21"]
[SourceVersion "1"]
[SourceVersionDate "2016.06.21"]
[SourceQuality "1"]

1. e4 c5 2. Nf3 Nc6 3. d4 cxd4 4. Nxd4 Nf6 5. Nc3 e5 6. Ndb5 d6 7. Bg5 a6 8. Na3 b5 9. Nd5 Be7 10. Bxf6 Bxf6 11. c4 b4 12. Nc2 Rb8 13. Qd3 0-0 14. Be2 Bg5 15. 0-0 f5 16. Bf3 a5 17. Rfd1 Ne7 18. c5 Nxd5 19. Qxd5+ Kh8 20. cxd6 fxe4 21. Qxe4 Bb7 22. Qxe5 Bxf3 23. gxf3 Bf4 24. Qe7 Rf6 25. Rd4 Bxd6 26. Qxd8+ Rxd8 27. Rad1 1-0